00762nam a22002177a 4500003000200000005001700002008004100019020002200060040001900082041000800101100003100109245009100140260007200231300001800303440008800321504003600409630002900445650004400474942000900518999001700527020160609170811.0110824t xxu||||| |||| 00| 0 eng d a978-2-8028-0185-6 aBUACbFrecBUC aFre aDillens, Anne-Marie918487 aMondialisation :bUtopie, fatalité, alternativescsous la dir. de Anne-Marie Dillens aBruxelles : bEd. de la Facultés Universitaires Saint-Louisc2008 a196p.c24 cm. a(Publications des Facultés Universitaires Saint-Louis. Philosophie n 120)918489 aComprend Bibliogr. p. 179 - 183 aSCIENCES SOCIALES918491 aDéveloppement : mondialisation918493 cLIVR c49671d49671